Dün Bağdat (Record no. 903)

MARC details
000 -BAŞLIK
Sabit Uzunlukta Kontrol Alanı 00715na a2200241 4500
001 - KONTROL NUMARASI
Denetim Alanı 24544
003 - KONTROL NUMARASI IDENTIFIER
Denetim Alanı MIRAKIL
005 - SON İŞLEM TARİHİ VE ZAMANI
Denetim Alanı 20181213154805.0
008 - SABİT-BOY VERİ ELEMANLARI - GENEL BİLGİLER
Sabit Uzunlukta Kontrol Alanı 181129b tu 000 0
020 ## - ULUSLARARASI STANDART KİTAP NUMARASI
Uluslararası Standart Kitap Numarası 9759843722
040 ## - KATALOGLAMA KAYNAK
Orijinal Kataloglama Ajansı Milas
Kataloglama Dili tur
Metne Dönüştürmek Ajansı TR-AnCHP
041 ## - DİL KODU
Metin / Ses Parça Veya Ayrı Başlığın Dil Kodu tur
082 ## - DEWEY ONLU SINIFLANDIRMA NUMARASI
Sınıflandırma Numarası 923.00924
Ürün Numarası S65d 2005
090 ## - SINIFLAMA NUMARASI
Sınıflama Numarası 923.00924 S65d 2005
100 ## - ANA GİRİŞ - KİŞİSEL İSİM
Kişisel Ad Somekh, Sasson
245 ## - BAŞLIK TABLOSU
Başlık Dün Bağdat
Başlığın Kalan Bir Arap-Yahudi olarak büyümek
Sorumluluk Tablosu, Vb Sasson Somekh; çeviren Orhan Düz
246 ## - UNVAN FORM VARYING
Başlık Doğru / Kısa Başlığı Bir Arap-Yahudi olarak büyümek
260 ## - YAYIN, DAĞITIM, VB
Yayın, Dağıtım, Vb Yeri İstanbul
Yayıncı, Dağıtıcı, Vs Adı Gri yayınevi
Yayın, Dağıtım, Vb Tarihi 2005
300 ## - FİZİKSEL TANIM
Kapsam 190 s.
Diğer Fiziksel Ayrıntıları fotğ.
Boyutlar 20 sm.
600 ## - KONU KATMA GİRİŞ - KURUMSAL ADI
Kişisel Ad Somekh, Sasson
Genel Alt Bölümü Yaşamöyküsü
740 ## - KATMA GİRİŞ - KONTROLSUZ İLGİLİ / ANALİTİK BAŞLIK
Kontrol Edilmeyen / İlgili Analitik Başlıktaki Bir Arap-Yahudi olarak büyümek
942 ## - EKLENDİ GİRİŞ ELEMANLARI (KOHA)
Sınıflandırma Veya Raf Düzeni Kaynak Dewey Decimal Classification
Koha Öğesi Türü Books
999 ## - SİSTEM KONTROL NUMARALARI (KOHA)
Koha Biblionumber 903
Koha Biblioitemnumber 903
Holdings
Kalıcı Konum Mevcut Konum Edinme Tarihi Edinim Kaynak Toplam Check-Out'Lar Tam Çağrı Numarası Barkod Tarih Son Görülme İtibaren Geçerli Fiyatlar Sigara Kamu Notu Koha Öğesi Türü
CHP Kütüphanesi CHP Kütüphanesi 11/29/2018 Bağış   923.00924 S65d 2005 018192 11/29/2018 11/29/2018 Bağışlayan: Ertuğrul Çepni Books